| 000 | 00000nam##2200000za#4500 |
| 001 | 9.686359 |
| 003 | CaOODSP |
| 005 | 20210624230512 |
| 007 | cr ||||||||||| |
| 008 | 150407|2002||||xxc|||||o f|0| 0 eng|d |
| 020 | |a0-662-33033-1 |
| 040 | |aCaOODSP|beng |
| 043 | |an-cn--- |
| 086 | 1 |aH39-656/2002E-IN |
| 110 | 1 |aCanada. |bHealth Canada. |
| 245 | 12|aA strong tradition of collaboration : |h[electronic resource]|bthe Federal/Provincial/Territorial Group on Nutrition |
| 260 | |aOttawa - Ontario : |bHealth Canada |cc2000. |
| 300 | |a3p. |
| 590 | |a14-14-Supp|b2014-07-24 |
| 690 | 07|aHealth promotion|2gcpds |
| 690 | 07|aNutrition|2gcpds |
| 690 | 07|aPartnerships|2gcpds |
| 775 | 08|tUne collaboration ancrée dans la tradition : |w(CaOODSP)9.630831 |
| 856 | 40|ahttp://publications.gc.ca|qPDF|s577 KB|uhttps://publications.gc.ca/collections/collection_2014/sc-hc/H39-656-2002-eng.pdf |